000 00310nam a22001457a 4500
008 210426b ||||| |||| 00| 0 eng d
020 _a1878379720
041 _aeng
080 _a32
082 _a32
100 _a20
101 _aSHP
245 _aNegotiating Across Cultures
_cCohen,R
942 _2udc
_cBK
999 _c56778
_d56778